000 00443nam a2200181Ia 4500
005 20250423101743.0
008 250422s9999 xx 000 0 und d
020 _a9780072127409
050 _aQA 76.76 .H94 M46/
100 _aMercer, Dave
245 0 _aXML : a beginner's guide
260 _aNew York
260 _bOsborne/McGraw-Hill
260 _c2001
300 _a400 p
650 _aXML (Document markup language)
942 _cBK
999 _c37180
_d37180